LEADER 01438nam a2200325 a 4500 001 000000137423 003 CaOOAMICUS 005 20140214144507.0 008 140214s2002 it u000 u ita r 020 $a88-06-16167-9 040 $aPUL$bita 041 1 $aita$hfre 100 1 $aMattelart, Armand.$0(OLS)http://pul/name/88547 240 10$aHistoire de la société de l'information.$lItaliano.$0(OLS)http://pul/title/173981 245 10$aStoria della società dell'informazione /$cArmand Mattelart ; traduzione di Sergio Arecco. 260 $aTorino :$bGiulio Einaudi,$c©2002. 300 $aXI, 172 p. ;$c20 cm 490 1 $aPiccola biblioteca Einaudi. Nuova serie. Scienze sociali ;$v140 504 $aBibliografia p. [151]-160. 650 4$aInformazione$xAspetti sociali.$0(OLS)http://pul/subject/40115 700 1 $aArecco, Sergio.$0(OLS)http://pul/name/88548 830 0$aPiccola biblioteca Einaudi.$pNuova serie.$pScienze sociali ;$v140.$0(OLS)http://pul/title/155621 850 $aPUL 852 $aPUL$W1$xDP1 Fondo E. Rossi$y115$m6 A 77$j158417$qFondi$B157938$CPULBib$Z2$F157938 $82 941 1 $a1 961 $aSul dorso collocazione ms. di E. Rossi: Com G M 7 1 996 $6020$a88-06-16167-9$9(OLS)http://pul/number/154536 996 $6245$aStoria della società dell'informazione$9(OLS)http://pul/title/173982 996 $6260$aTorino :$bGiulio Einaudi$9(OLS)http://pul/publisher/54573 LEADER 01677nam a2200337 a 4500 001 000000170788 003 CaOOAMICUS 005 20181128113930.0 008 181128s2017 it u000 u ita r 020 $a978-88-13-36757-2* 032 $aLibriCat 040 $aPUL$bita 082 04$a342.4 100 1 $aBenvenuti, Simone.$0(OLS)http://pul/name/109836 245 12$aL'europeizzazione dei parlamenti nazionali :$bprospettive dall'Europa centro-orientale (Slovenia, Ungheria, Croazia) /$cSimone Benvenuti. 260 $aPadova :$bCEDAM ;$aMilanofiori Assago :$bWolters Kluwer,$c©2017. 300 $aIX, 276 p. ;$c24 cm. 490 1 $aQuaderni di Nomos. Le attualità nel diritto. Nuova serie ;$v03 504 $aBibliografia in nota. 650 4$aDiritto comparato$zEuropa.$0(OLS)http://pul/subject/38163 650 4$aDiritto costituzionale$zEuropa.$0(OLS)http://pul/subject/28011 830 0$aQuaderni di Nomos.$pLe attualità nel diritto.$pNuova serie ;$v03.$0(OLS)http://pul/title/210629 850 $aPUL 852 $aPUL$W1$xSL Diritto e Scienze Sociali 3$y79$m342. 4 BENSI 1$j193921$qDDC 21$B199289$CPULBib$Z2$F199289 $H131737 $81 941 1 $a9 996 $6020$a978-88-13-36757-2*$9(OLS)http://pul/number/165412 996 $6082$a342.4$9(OLS)http://pul/classification/2088 996 $6245$aL'europeizzazione dei parlamenti nazionali :$bprospettive dall'Europa centro-orientale (Slovenia, Ungheria, Croazia)$9(OLS)http://pul/title/211617 996 $6260$aPadova :$bCEDAM$9(OLS)http://pul/publisher/48126 996 $6260$aMilanofiori Assago :$bWolters Kluwer$9(OLS)http://pul/publisher/81463